00531nam a2200205 a 4500001001300000003000900013005001700022008004100039020000900080082001600089100001900105245003100124260004200155300000900197500003500206505001000241650003200251650002300283700001900306nice12345678IN_TiNIC20260116011826.0050524s1967 luca grp 000 0 per  ac2800a891.51bANW aAnwarul, Hasan aDiwan Amir Khusrau Dehlawi aLucknowbNool Kishore Book Depoc1967 a976p aincludes index and biblioraphy2 aIndex aPersian Poetry-Amir Khusrau aAmir Khusrau-Diwan1 aAnwarul, Hasan